Statistics for Locally Easternmost Capitals

Click here to take the quiz!

General Stats

  • This quiz has been taken 29 times
  • The average score is 8 of 20

Answer Stats

NCapital City% Correct
8Tokyo
95%
14Moscow
70%
19Brasilia
65%
5K{iev}
65%
20Apia
55%
5H{anoi}
55%
4M{ontevideo}
40%
5A{thens}
35%
4Y{aounde}
35%
7Bridgetown
35%
6Maputo
30%
5D{amascus}
30%
13Port Louis
30%
5N{airobi}
30%
6Muscat
30%
13Paramaribo
25%
6Bishkek
20%
4K{inshasa}
20%
4V{alletta}
20%
8Bangui
5%

Score Distribution

Percentile by Number Answered

Percent of People with Each Score

Your Score History

You have not taken this quiz